000 00730nam a2200217Ia 4500
003 GCL
008 140319s9999 xx 000 0 ara d
040 _aGCL /
_cGCL
082 0 4 _a811.008036
_bع ب
100 1 _aسامى الدهان (تحقيق)
245 1 0 _aالبيزيرة /
_cسامى الدهان (تحقيق)
700 1 _aالعزيزبالله : ابومنصور نزار بن معد بن المنصور العبيدى الفاطمى
260 _a[S.N] :
_bمجمع اللغة العربية ،
_c1988
300 _a212 ص
490 _a
650 0 4 _aالشعر العربى
650 0 4 _aالادب العربى
650 0 4 _aدواوين وقصائد
650 0 4 _aالمجموعات
942 _2ddc
_cBK
999 _c32515
_d32515